| 000 | 00422nam a2200193Ia 4500 | ||
|---|---|---|---|
| 008 | 210210b1938 xxu||||| |||| 00| 0 eng d | ||
| 041 | _aeng | ||
| 082 | _a960/71 | ||
| 100 | _a- | ||
| 245 | _aIndian railway service of engineers | ||
| 260 |
_a _b- _c1938 |
||
| 300 | _a147 | ||
| 650 | _aservice | ||
| 650 | _arailway | ||
| 650 | _aIndian | ||
| 650 | _aengineers | ||
| 690 | _aGeneral Knowledge | ||
| 906 | _a002356 | ||
| 999 |
_c121776 _d121776 |
||